000 00531cam a2200205ua 4500
001 5168
008 150225n2002 xxu |||gr||||Z||||||eng
020 _a1-84046-639-1
040 _cMAIN
041 _aeng
082 _a920
100 _aMcevoy, J. P.,
_eAuthor,
245 _aIntroducing Stephen Hawking
_cby J. P. Mcevoy
250 _a1st.
260 _aUk
_bIcon books
_c2002
_aUS
_bTotem books
300 _a174p:
_bill;
_c23cm.
653 _aBiography, genealogy & insignia
700 _aZarate, Oscar ,
_eAuthor,
942 _cBK
999 _c4350
_d4350